000 00509nam a2200181Ia 4500
003 OSt
005 20260105102949.0
008 210210b1920 xxu||||| |||| 00| 0 eng d
040 _cAL
041 _aKannada
082 _a859/1773
100 _aVENKATADRI SHASTRI
_9156474
_dವೆಂಕಟಾದ್ರಿ ಶಾಸ್ತ್ರಿ
245 _aMuttina sara:
_bಮುತ್ತಿನ ಸಾರ
260 _aBengaluru
_b-
_c1920
690 _aKannada Fiction
_9156475
906 _a022494
942 _2ddc
_cBK
999 _c146897
_d146897